Змея: рассказы: пер. с англ.

Détails bibliographiques
Autres auteurs: Федотов Д. С. (составитель)
Résumé:Альфред Хичкок — знаменитый режиссер и сценарист, которого по праву считают «королем ужасов». Он родился 13 августа 1899 года в Англии, работал в кино с 1919 года. В 1922 году снял свой первый фильм «№ 13, или Миссис Пибоди», а в 1960 году свой самый знаменитый фильм «Психоз», успех которого превзошел все ожидания и сделал автора миллионером. Хичкок собирал свою коллекцию «странных повестей и рассказов», которые были изданы во многих странах и стали там бестселлерами. Вниманию российских читателей предлагается серия книг — сборников произведений из «ужасной» коллекции Хичкока, среди авторов которых Ф. С. Фицджеральд, Д. Уэстлейк, Э. Куин, Дж. Ричи, Д. Э. Коулмен и другие известные писатели. В сборник вошли произведения Джоанны Ватсек, Джона Колье, Элери Куин, Кэтрин Рамбо, Джона Стейнбека, Фрэнсиса Скотта Фицджеральда, Ричарда Хардвика и др.
Langue:russe
Publié: Москва, Вече, 2005
Collection:Коллекция ужасов Альфреда Хичкока
Sujets:
Format: Livre
KOHA link:https://koha.lib.tpu.ru/cgi-bin/koha/opac-detail.pl?biblionumber=104225

MARC

LEADER 00000nam0a2200000 4500
001 104225
005 20231031113909.0
010 |a 5953310358 
035 |a (RuTPU)RU\TPU\book\112342 
090 |a 104225 
100 |a 20061030d2005 m y0rusy50 ca 
101 1 |a rus  |c eng 
102 |a RU 
105 |a y z 000ay 
200 1 |a Змея  |e рассказы: пер. с англ.  |f сост. Д. С. Федотов 
210 |a Москва  |c Вече  |d 2005 
215 |a 352 с. 
225 1 |a Коллекция ужасов Альфреда Хичкока 
330 |a Альфред Хичкок — знаменитый режиссер и сценарист, которого по праву считают «королем ужасов». Он родился 13 августа 1899 года в Англии, работал в кино с 1919 года. В 1922 году снял свой первый фильм «№ 13, или Миссис Пибоди», а в 1960 году свой самый знаменитый фильм «Психоз», успех которого превзошел все ожидания и сделал автора миллионером. Хичкок собирал свою коллекцию «странных повестей и рассказов», которые были изданы во многих странах и стали там бестселлерами. Вниманию российских читателей предлагается серия книг — сборников произведений из «ужасной» коллекции Хичкока, среди авторов которых Ф. С. Фицджеральд, Д. Уэстлейк, Э. Куин, Дж. Ричи, Д. Э. Коулмен и другие известные писатели. В сборник вошли произведения Джоанны Ватсек, Джона Колье, Элери Куин, Кэтрин Рамбо, Джона Стейнбека, Фрэнсиса Скотта Фицджеральда, Ричарда Хардвика и др. 
610 1 |a английская литература 
610 1 |a рассказы 
610 1 |a триллеры 
610 1 |a ужасы 
675 |a 82  |v 3 
702 1 |a Федотов  |b Д. С.  |4 220 
801 1 |a RU  |b 63413507  |c 20061030  |g PSBO 
801 2 |a RU  |b 63413507  |c 20061110  |g PSBO 
942 |c BK